Autora̕ y participacin̤ en el Derecho Criminal Romano Un estudio sobre la instigacin̤ al delito /

Detalles Bibliográficos
Autor principal: Gonzl̀ez Romanillos, Jos ̌Antonio
Formato: eBook
Lenguaje:español
Publicado: Barcelona: J.M. Bosch Editor, 2021
Materias:
Acceso en línea:Acceso restringido

MARC

LEADER 00000nam a22000007a 4500
005 20220825001725.0
007 cr|||| ||||
008 220825s2021 es |||||s|||| 00||0 spa d
020 |a 978-84-124193-7-5 
035 |a 36287 
040 |a vLex 
090 |c 13831  |d 13831 
100 1 |a Gonzl̀ez Romanillos, Jos ̌Antonio 
245 1 0 |a Autora̕ y participacin̤ en el Derecho Criminal Romano  |h [Recurso electrn̤ico] :  |b Un estudio sobre la instigacin̤ al delito /  |c Jos ̌Antonio Gonzl̀ez Romanillos 
256 |a Servicio en ln̕ea 
260 |a Barcelona:  |b J.M. Bosch Editor,  |c 2021 
300 |a 1 recurso electrn̤ico 
506 1 |a Disponible solo en los productos indicados  |d vLex Global  |d vLex Global (Academic Edition, excluding Law Schools)  |d vLex Global (U.S. Academic Edition, Law Schools)  |d vLex Global (U.S. Academic Edition, excluding Law Schools)  |d vLex Global (Academic Edition, Law Schools) 
650 0 4 |a Derecho Penal  |z Espaą 
650 0 4 |a Derecho Militar  |z Espaą 
740 0 |a vLex Libros (Servicio en ln̕ea) 
856 4 0 |u https://app.vlex.com/#/sources/36287  |z Acceso restringido 
942 |c BOOK 
999 0 |a Criminal Law 
999 0 |a Military Law